000 00640nam a2200205Ia 4500
003 OSt
005 20250307113117.0
008 210210b1998 xxu||||| |||| 00| 0 eng d
040 _cAL
041 _aKannada
082 _aK894.109 RAJB
100 _aRAJAPUROHITA (B B).
_dರಾಜಪುರೋಹಿತ (ಬಿ ಬಿ)
_9174304
245 _aBendreyavara kavyabhashe.
_bಬೇಂದ್ರೆಯವರ ಕಾವ್ಯಭಾಷೆ.
260 _aDharavada
_bPrasaranga Karnataka Vishvavidyalaya
_c1998
300 _a40
650 _aBendre
_9174305
690 _aKannada Poetry Criticism
_9174306
906 _aSG04245
942 _2ddc
_cBK
999 _c114930
_d114930